Návrh riešenia iniciácie ergonomického programu vo vybranej prevádzke ZF Boge Elastmetall Slovakia a.s.

Salvato in:
Dettagli Bibliografici
Autore principale: Kocian, Karol, 1964- (Autore)
Altri autori: Hatiar, Karol, 1949- (Relatore della tesi)
Natura: Manoscritto Libro
Lingua:slovacco
Pubblicazione: STU v Bratislave MTF UBEI, 2010
Soggetti:
Accesso online:VAIS
Tags: Aggiungi Tag
Nessun Tag, puoi essere il primo ad aggiungerne!!

MARC

LEADER 00000ntm a22000003a 4500
001 stu206632
005 20160719160220.2
008 100707s2010------------------------slo-d
040 |a STU  |b slo 
041 0 |a slo 
100 1 |a Kocian, Karol,  |d 1964-  |4 aut  |X 33553  |7 A000033553 
242 0 0 |a The draft of solution for initiation of ergonomic program in production operation in ZF Boge Elastmetall Slovakia a.s.  |y eng 
245 1 |a Návrh riešenia iniciácie ergonomického programu vo vybranej prevádzke ZF Boge Elastmetall Slovakia a.s. 
260 |b STU v Bratislave MTF UBEI,  |c 2010 
650 7 |a ergonomická analýza  |2 stusub 
650 7 |a pracovné prostredie  |2 stusub 
700 1 |a Hatiar, Karol,  |d 1949-  |4 ths  |u M4000  |U MTF Materiálovotechnologická fakulta  |T MTF Ústav priemyselného inžinierstva a manažmentu  |X 326  |U M4000  |Y 84  |7 A000000326 
856 4 |a info a plný text  |u http://is.stuba.sk/zp/portal_zp.pl?podrobnosti=75577  |3 VAIS 
996 |c M*DP-8933  |l MMSKP  |s P  |a 0  |w stu206632_0001